Statistics for She's Kinda Hot - 5 Seconds of Summer (All Lyrics)

Click here to take the quiz!

General Stats

  • This quiz has been taken 370 times
    (357 since last reset)
  • The average score is 230 of 273

Answer Stats

She's Kinda Hot% Correct
a
100%
I
100%
She
100%
hot
99%
kinda
99%
She's
99%
she's
99%
my
98%
Verse 1 | Verse 2My
98%
though
98%
Yeah
98%
always
97%
in
97%
Cause
96%
cause
96%
friend
95%
sleep
95%
bit
94%
bitching
94%
girlfriends
94%
When
93%
when
93%
got
92%
and
91%
And
91%
friends
90%
her
90%
We
90%
calling
89%
of
89%
screaming
89%
the
89%
that
88%
no
87%
on
87%
say
87%
me
86%
We're
85%
we're
85%
it
83%
alright
82%
like
82%
are
81%
He's
81%
he's
81%
job
80%
ChorusThey
80%
crazy
79%
dad
79%
dreams
79%
His
79%
one
79%
shot
79%
think
79%
But
78%
kings
78%
losers
78%
felt
77%
left
77%
queens
77%
Just
76%
little
76%
slob
76%
with
76%
both
75%
out
75%
new
74%
not
74%
plans
74%
self
74%
broken
73%
college
73%
else
73%
head
73%
bigger
72%
get
72%
is
72%
low
72%
telling
72%
understands
72%
you've
72%
You've
72%
coming
71%
esteem
71%
saying
71%
won't
71%
put
70%
I've
69%
leaders
68%
meds
68%
scene
68%
also
67%
mum
66%
i'm
59%
shrink
58%
itty
55%
backs
54%
bitty
53%
going
53%
insane
52%
feel
50%
bad
49%
Verse 3Sometimes
49%
be
47%
brains
47%
told
43%
we'll
41%
neighbour
33%

Score Distribution

Percentile by Number Answered

Percent of People with Each Score

Your Score History

You have not taken this quiz since the last reset